[Event "Moscow Open A 2015"]
[Site "Moscow RUS"]
[Date "2015.02.08"]
[Round "9.36"]
[White "Savchenko, Boris"]
[Black "Faizrakhmanov, Ramil"]
[Result "1/2-1/2"]
[WhiteTitle "GM"]
[BlackTitle "FM"]
[WhiteElo "2599"]
[BlackElo "2371"]
[WhiteFideId "4147332"]
[BlackFideId "24103209"]
[EventDate "2015.01.31"]

1. e4 c6 2. d4 d5 3. Nc3 dxe4 4. Nxe4 Bf5 5. Ng3 Bg6 6. Nf3 Nd7 7. Bd3 Bxd3 8.
Qxd3 e6 9. Bf4 Qa5+ 10. c3 Ngf6 11. O-O Be7 12. Rfe1 O-O 13. Nf5 Qxf5 14. Qxf5
exf5 15. Rxe7 Rfe8 16. Rae1 Rxe7 17. Rxe7 Re8 18. Rxe8+ Nxe8 19. Kf1 f6 20. Ke2
g5 21. Bd2 Nd6 22. Be1 Kf7 23. Nd2 f4 24. f3 f5 25. c4 b5 26. b3 a6 27. Bf2 Ke6
28. Kd3 h5 29. h4 g4 30. Nb1 bxc4+ 31. bxc4 Nf8 32. Nc3 Ng6 33. Be1 Kd7 34. a4
Ne8 35. Ne2 Ng7 36. d5 cxd5 37. cxd5 gxf3 38. gxf3 Ne5+ 39. Kc3 Nxf3 40. Bf2 Ne8
41. Nxf4 Nf6 42. Kd3 Kd6 43. Bg3 Nxd5 44. Nxh5+ Ke6 45. Kc4 f4 46. Nxf4+ 1/2-1/2

[Event "Moscow Open A 2015"]
[Site "Moscow RUS"]
[Date "2015.02.08"]
[Round "9.37"]
[White "Timofeev, Artyom"]
[Black "Oganian, Miran"]
[Result "1/2-1/2"]
[WhiteTitle "GM"]
[BlackTitle "FM"]
[WhiteElo "2568"]
[BlackElo "2347"]
[WhiteFideId "4140419"]
[BlackFideId "4122488"]
[EventDate "2015.01.31"]

1. e4 c5 2. Nf3 Nc6 3. Nc3 e5 4. Bc4 Be7 5. O-O d6 6. d3 Nf6 7. h3 O-O 8. a3 Be6
9. Nd5 h6 10. Rb1 Rb8 11. b4 b5 12. Nxf6+ Bxf6 13. Bxe6 fxe6 14. Be3 cxb4 15.
axb4 d5 16. c3 a5 17. Bc5 Re8 18. bxa5 Nxa5 19. Bb4 dxe4 20. dxe4 Nc4 21. Qe2
Qc7 22. Nd2 Rec8 23. Rfd1 Rb7 24. Ra1 Be7 25. Qg4 Qc6 26. Nxc4 Qxc4 27. Ra6 Bxb4
28. cxb4 Re7 29. Rdd6 Qc1+ 30. Kh2 Qf4+ 31. Qxf4 exf4 32. Rxe6 Rxe6 33. Rxe6 Rc4
34. h4 Rxb4 35. Kh3 Rb2 36. f3 h5 37. Re5 g6 38. Re7 Rb3 39. Rb7 b4 40. e5 Rb1
41. g3 b3 42. gxf4 b2 43. Kg2 Kf8 44. e6 Ke8 45. Kh2 Kf8 46. Kg2 Ke8 47. e7 Kf7
48. Kh2 Ke8 49. Kg2 Kf7 50. Kh2 1/2-1/2

[Event "Moscow Open A 2015"]
[Site "Moscow RUS"]
[Date "2015.02.08"]
[Round "9.38"]
[White "Eliseev, Urii"]
[Black "Kholopov, Alexander A."]
[Result "1-0"]
[WhiteTitle "GM"]
[BlackTitle "FM"]
[WhiteElo "2518"]
[BlackElo "2334"]
[WhiteFideId "24131920"]
[BlackFideId "4148100"]
[EventDate "2015.01.31"]

1. e4 c5 2. Nf3 Nc6 3. Nc3 e5 4. Bc4 Be7 5. d3 Nf6 6. O-O O-O 7. a3 d6 8. h3 h6
9. Be3 Be6 10. Nd5 Bxd5 11. exd5 Nd4 12. Nh2 b5 13. Ba2 Nf5 14. Bd2 Nd7 15. b4
Bg5 16. Bc3 Rc8 17. Bb2 Nb6 18. Qg4 g6 19. c4 Na4 20. Bc1 Nd4 21. Bxg5 hxg5 22.
Rfc1 Nb2 23. Qe4 f5 24. Qe3 bxc4 25. Bxc4 Nxc4 26. Rxc4 Qf6 27. Rac1 Rb8 28.
bxc5 Nb3 29. c6 Nxc1 30. Rxc1 Rb5 31. c7 Rc8 32. Qxa7 Qe7 33. Nf3 Kg7 34. a4 Rc5
35. Rxc5 dxc5 36. Qa6 Qxc7 37. Nxe5 Qxe5 38. Qxc8 Qe1+ 39. Kh2 Qxf2 40. Qc7+ Kh6
41. Qe5 g4 42. Qh8+ Kg5 43. h4+ Kf4 44. Qb8+ Ke3 45. Qg3+ Ke2 46. Qxf2+ Kxf2 47.
d6 f4 48. d7 1-0

[Event "Moscow Open A 2015"]
[Site "Moscow RUS"]
[Date "2015.02.08"]
[Round "9.39"]
[White "Baghdasaryan, Vahe"]
[Black "Ulko, Jaroslav"]
[Result "1/2-1/2"]
[WhiteTitle "IM"]
[BlackTitle "IM"]
[WhiteElo "2372"]
[BlackElo "2482"]
[WhiteFideId "13303139"]
[BlackFideId "4116658"]
[EventDate "2015.01.31"]

1. c4 g6 2. Nc3 Bg7 3. g3 c5 4. Bg2 Nc6 5. e4 d6 6. Nge2 e6 7. d3 Nge7 8. h4 h6
9. h5 g5 10. f4 gxf4 11. gxf4 f5 12. Be3 Nd4 13. Bxd4 cxd4 14. Nb5 Qb6 15. Qa4
Bd7 16. Qb4 Bxb5 17. Qxb5+ Qxb5 18. cxb5 fxe4 19. Bxe4 d5 20. Bg2 Kd7 21. Bh3
Bf6 22. Kd2 Kd6 23. Rae1 Rh7 24. Ng1 Nf5 25. Bxf5 exf5 26. Ne2 Rg8 27. Reg1 Rhg7
28. Ke1 Rg4 29. Kf2 Rc8 30. Rxg4 fxg4 31. Kg3 Re8 32. Rh2 Re3+ 33. Kxg4 Rxd3 34.
Ng3 Rd1 35. Nf5+ Ke6 36. Nxh6 d3 37. Kf3 Bd4 38. f5+ Kd6 39. Ng4 Rf1+ 40. Kg3
Rxf5 41. Rd2 Rxh5 42. b3 Be5+ 43. Kg2 d4 44. Rxd3 Kd5 45. Kf3 Rh1 1/2-1/2

[Event "Moscow Open A 2015"]
[Site "Moscow RUS"]
[Date "2015.02.08"]
[Round "9.40"]
[White "Shtembuliak, Evgeny"]
[Black "Potapov, Pavel"]
[Result "1/2-1/2"]
[WhiteTitle "FM"]
[BlackTitle "IM"]
[WhiteElo "2352"]
[BlackElo "2474"]
[WhiteFideId "14113325"]
[BlackFideId "4169786"]
[EventDate "2015.01.31"]

1. c4 f5 2. d4 Nf6 3. Nf3 g6 4. b4 Bg7 5. Bb2 c6 6. e3 O-O 7. Be2 d5 8. O-O Ne4
9. Ne5 Nd7 10. f3 Nxe5 11. dxe5 Ng5 12. f4 Ne4 13. cxd5 cxd5 14. Nc3 Nxc3 15.
Bxc3 g5 16. Bd4 e6 17. Rc1 b6 18. Bb5 Bb7 19. Qa4 Rf7 20. Bc6 Rc8 21. Bxb7 Rxb7
22. Rc6 Rxc6 23. Qxc6 Qd7 24. Rc1 Bf8 25. a3 g4 26. Qxd7 Rxd7 27. Rc6 Kf7 28.
Kf2 Be7 29. Ke2 Bd8 30. Rc8 Ke8 31. Kd3 Rc7 32. Ra8 Kd7 33. a4 Be7 34. Bc3 Bd8
35. a5 h5 36. b5 Be7 37. a6 h4 38. h3 g3 39. Bd4 Bd8 40. Rb8 Be7 41. Rh8 Bd8 42.
Bc3 Be7 43. Rh7 Rc4 44. Rh8 Rc8 45. Rh7 Rc4 46. Bb2 Kd8 47. Rh8+ Kd7 48. Ra8 Rc7
49. Bc3 Bc5 50. Bb2 Be7 51. Bd4 Bd8 52. Kd2 Be7 53. Bxb6 axb6 54. a7 Rxa7 55.
Rxa7+ Ke8 56. Kd3 Bc5 57. Rb7 Kd8 58. Rh7 Be7 59. Kc2 Ke8 60. Kb3 Kd8 61. Ka4
Ke8 62. Rh8+ Kd7 63. Kb3 Bd8 64. Kc3 Be7 65. Kd4 Bc5+ 66. Kc3 Be7 67. Kd3 Bd8
68. Ke2 Be7 69. Rb8 Kc7 70. Ra8 Kd7 71. Ra7+ Ke8 72. Rc7 Bc5 73. Kd3 Kd8 74. Rc6
Kd7 75. Kd2 Ke7 76. Rc7+ Kd8 77. Rb7 Ke8 78. Kd3 Kd8 79. Rf7 Be7 80. Rg7 Ke8 81.
Rg6 Kd7 82. Rh6 Bd8 83. Kd4 Be7 84. Rh7 Kd8 85. Rh8+ Kd7 86. Rb8 Bc5+ 87. Kd3
Kc7 88. Ra8 Be7 89. Ra7+ Kd8 90. Ra2 Kc7 91. Rc2+ Bc5 92. Rc3 Kd7 93. Kc2 Kc7
94. Kb3 Kb7 95. Kb2 Kc7 1/2-1/2

[Event "Moscow Open A 2015"]
[Site "Moscow RUS"]
[Date "2015.02.08"]
[Round "9.41"]
[White "Geller, Jakov"]
[Black "Morgunov, Anatoly"]
[Result "1-0"]
[WhiteTitle "GM"]
[BlackTitle "FM"]
[WhiteElo "2472"]
[BlackElo "2330"]
[WhiteFideId "4151984"]
[BlackFideId "4145909"]
[EventDate "2015.01.31"]

1. e4 e5 2. Nf3 Nc6 3. Bb5 a6 4. Ba4 d6 5. c3 f5 6. exf5 Bxf5 7. O-O Bd3 8. Re1
Be7 9. Qb3 Rb8 10. Qd5 e4 11. Bb3 Nh6 12. Rxe4 Bxe4 13. Qxe4 Nf7 14. d4 O-O 15.
h4 d5 16. Bxd5 Kh8 17. Nbd2 Nd6 18. Qg4 Nf5 19. Be4 Nh6 20. Qh3 Qc8 21. Qxc8
Rbxc8 22. g3 Rce8 23. Kg2 Bd6 24. b4 Ng4 25. a3 Nd8 26. c4 c6 27. Bb2 Nf7 28.
Bd3 Bc7 29. c5 Nf6 30. Nc4 Nd5 31. Nfe5 Nh6 32. Re1 Rd8 33. Bc1 Nf6 34. Bxh6
gxh6 35. Nf3 Rfe8 36. Ne3 Re7 37. Bc4 Rf8 38. Bd3 Nd5 39. Nxd5 Rxe1 40. Nxe1
cxd5 41. Nc2 Bd8 42. Be2 Bf6 43. Bf3 Rd8 44. Kh3 Kg7 45. Ne3 Rd7 46. Nf5+ Kg6
47. Kg4 h5+ 48. Kf4 h6 49. g4 hxg4 50. h5+ Kh7 51. Bxg4 Rd8 52. Ke3 Re8+ 53. Kd3
Re4 54. Bf3 Rf4 55. Bxd5 Kh8 56. Be4 Rxf2 57. Nxh6 Bg5 58. Nf5 Ra2 59. Bxb7
Rxa3+ 60. Ke4 Ra4 61. Ke5 Rxb4 62. Bxa6 Kg8 63. Bc8 Rb8 64. Be6+ Kf8 65. d5 Ke8
66. d6 Rb4 67. c6 Bf4+ 68. Kf6 Bxd6 69. Nxd6+ Kd8 70. Nf5 Kc7 1-0

[Event "Moscow Open A 2015"]
[Site "Moscow RUS"]
[Date "2015.02.08"]
[Round "9.42"]
[White "Kozlitin, Oleg"]
[Black "Airapetian, Gor"]
[Result "1/2-1/2"]
[WhiteTitle "IM"]
[BlackTitle "IM"]
[WhiteElo "2329"]
[BlackElo "2470"]
[WhiteFideId "4143590"]
[BlackFideId "4177916"]
[EventDate "2015.01.31"]

1. e4 c6 2. d4 d5 3. e5 Bf5 4. Nd2 e6 5. Nb3 Nd7 6. Nf3 Bg6 7. Be2 Nh6 8. a4 Rc8
9. a5 Be7 10. c4 O-O 11. O-O f6 12. Bxh6 gxh6 13. Qd2 Kg7 14. Qe3 fxe5 15. Nxe5
Nxe5 16. dxe5 c5 17. Rad1 d4 18. Qg3 Qd7 19. f4 Qa4 20. Ra1 Qd7 21. Bd3 Bh4 22.
Qh3 Bd8 23. Nd2 Qc6 24. Ra3 Rc7 25. Qg4 h5 26. Qe2 Rcf7 27. g3 h4 28. Be4 Qd7
29. Qg4 Rf5 30. Rb3 b6 31. axb6 axb6 32. Bxf5 Rxf5 33. Qf3 hxg3 34. hxg3 Rf7 35.
Ra1 d3 36. Qe3 Qc6 37. Rba3 Rd7 38. Ra7 Bc7 39. Qf3 Qxf3 40. Nxf3 Be4 41. Nd2
Bc6 42. Kf2 Kg6 43. Ke3 Kf5 44. R1a3 Rg7 45. Rxd3 Rxg3+ 46. Ke2 Rg2+ 47. Kf1 Rg7
48. Rd6 Bg2+ 49. Kf2 Bh1 50. Nf1 Kxf4 51. Rxe6 Bxe5 52. Rxg7 Bxg7 53. Rxb6 Bd4+
54. Ke2 h5 1/2-1/2

[Event "Moscow Open A 2015"]
[Site "Moscow RUS"]
[Date "2015.02.08"]
[Round "9.43"]
[White "Murtazin, Bulat"]
[Black "Kuderinov, Kirill"]
[Result "0-1"]
[WhiteTitle "FM"]
[BlackTitle "IM"]
[WhiteElo "2326"]
[BlackElo "2452"]
[WhiteFideId "24151351"]
[BlackFideId "13701568"]
[EventDate "2015.01.31"]

1. d4 Nf6 2. c4 g6 3. Nc3 Bg7 4. e4 d6 5. Be2 O-O 6. Bg5 Qe8 7. e5 dxe5 8. dxe5
Nfd7 9. Nd5 Bxe5 10. Bxe7 Bxb2 11. Bxf8 Nxf8 12. Rb1 Be5 13. f4 c6 14. Nf3 cxd5
15. Nxe5 Ne6 16. O-O Nxf4 17. Rxf4 Qxe5 18. Qxd5 Qxf4 19. Qd8+ Kg7 20. Qxc8 Qe4
21. Re1 a5 22. c5 a4 23. Rf1 Qd4+ 24. Kh1 Qd7 25. Qxd7 Nxd7 26. Bc4 f5 27. g4
Rf8 28. Re1 Nxc5 29. Re7+ Kh6 30. gxf5 Rxf5 31. Bg8 Kg5 32. Rxh7 b5 33. Rc7 b4
34. Rc6 Nd3 35. Ra6 a3 36. Rb6 Rf2 37. Bc4 Ne5 38. Kg1 Nxc4 39. Rb5+ Rf5 40.
Rxb4 Rf4 0-1

[Event "Moscow Open A 2015"]
[Site "Moscow RUS"]
[Date "2015.02.08"]
[Round "9.44"]
[White "Tabatabaei, M.amin"]
[Black "Kotlyar, Kirill"]
[Result "1/2-1/2"]
[WhiteTitle "FM"]
[BlackTitle "FM"]
[WhiteElo "2444"]
[BlackElo "2320"]
[WhiteFideId "12521213"]
[BlackFideId "24145599"]
[EventDate "2015.01.31"]

1. e4 e5 2. Nf3 Nc6 3. Bb5 Nf6 4. O-O Nxe4 5. Re1 Nd6 6. Nxe5 Nxe5 7. Rxe5+ Be7
8. Bf1 O-O 9. Nc3 Bf6 10. Re1 Bd4 11. Nd5 Re8 12. c3 c6 13. cxd4 cxd5 14. Re5
Ne4 15. d3 Nf6 16. Bg5 Re6 17. Rxd5 d6 18. Rf5 h6 19. Bh4 g5 20. Bg3 Re8 21. Rb5
a6 22. Rb3 b5 23. a4 Be6 24. Rc3 Qb6 25. axb5 axb5 26. Rxa8 Rxa8 27. Qc1 Qxd4
28. Rc6 Ne8 29. Qc3 Qxc3 30. bxc3 Ra1 31. f3 Rc1 32. c4 bxc4 33. dxc4 Kf8 34.
Bf2 Ke7 35. Be3 Rc3 36. Bd4 Rc1 37. Be3 Rc3 38. Bd4 Rc1 39. Be3 Rc3 40. Bd4 Rc1 1/2-1/2

[Event "Moscow Open A 2015"]
[Site "Moscow RUS"]
[Date "2015.02.08"]
[Round "9.46"]
[White "Rjabzev, Konstantin"]
[Black "Munguntuul, Batkhuyag"]
[Result "0-1"]
[WhiteTitle "IM"]
[BlackTitle "IM"]
[WhiteElo "2312"]
[BlackElo "2433"]
[WhiteFideId "4150015"]
[BlackFideId "4900758"]
[EventDate "2015.01.31"]

1. e4 c5 2. Nf3 e6 3. g3 d5 4. exd5 exd5 5. d4 Nf6 6. Bg2 Be7 7. O-O O-O 8. h3
Nc6 9. Re1 Bf5 10. c3 h6 11. dxc5 Bxc5 12. Be3 Ne4 13. Nd4 Nxd4 14. Bxd4 Qb6 15.
Bxe4 dxe4 16. Bxc5 Qxc5 17. Qh5 Rfe8 18. Re3 Rad8 19. Na3 Rd5 20. b4 Qc8 21.
Rae1 Be6 22. Qh4 Bxh3 23. Rxe4 Rxe4 24. Rxe4 Be6 25. c4 Rd1+ 26. Kh2 Qc6 27. b5
Qc5 28. Re3 Rd2 29. Kg1 Rxa2 30. Qd8+ Kh7 31. Qd3+ Bf5 32. Qd5 Qxd5 33. cxd5 Rd2
34. Re5 Rd1+ 35. Kh2 Bg4 36. Kg2 Rd3 37. Re3 Rxd5 38. f3 Rd2+ 39. Kg1 Be6 40.
Rc3 Rb2 41. Kf1 h5 42. Rc5 Rb3 43. Nc2 Rxb5 0-1

[Event "Moscow Open A 2015"]
[Site "Moscow RUS"]
[Date "2015.02.08"]
[Round "9.47"]
[White "Manakova, Maria"]
[Black "Atabayev, Yusup"]
[Result "0-1"]
[WhiteTitle "WGM"]
[BlackTitle "IM"]
[WhiteElo "2318"]
[BlackElo "2415"]
[WhiteFideId "927007"]
[BlackFideId "14001128"]
[EventDate "2015.01.31"]

1. e4 c5 2. Nf3 d6 3. d4 cxd4 4. Nxd4 Nf6 5. Nc3 a6 6. Be2 e6 7. a4 Be7 8. O-O
O-O 9. f4 Qc7 10. Kh1 Nc6 11. Be3 Bd7 12. Nb3 Nb4 13. a5 Rac8 14. Bd3 e5 15. Qe1
Be6 16. Nd2 exf4 17. Bxf4 Qd7 18. Nf3 Rc5 19. Nd4 Nxd3 20. cxd3 Rh5 21. Na4 Qd8
22. Nb6 Nd7 23. Qe2 Rc5 24. b4 Rc7 25. Nxe6 fxe6 26. Qa2 Rf6 27. Nc4 Qf8 28. g3
g5 29. Ne3 gxf4 30. Ng4 Rg6 31. Rxf4 Qg7 32. Raf1 Bg5 33. R4f3 h5 34. Qf2 hxg4
35. Rf7 Qf6 36. Rxf6 Rxf6 37. Qe2 Rxf1+ 38. Kg2 Rf3 39. h3 Be3 0-1

[Event "Moscow Open A 2015"]
[Site "Moscow RUS"]
[Date "2015.02.08"]
[Round "9.48"]
[White "Simonian, Tigran"]
[Black "Miroshnichenko, Pavel"]
[Result "1/2-1/2"]
[WhiteTitle "IM"]
[WhiteElo "2412"]
[BlackElo "2245"]
[WhiteFideId "13303597"]
[BlackFideId "4188659"]
[EventDate "2015.01.31"]

1. Nf3 d5 2. e3 Nf6 3. c4 c6 4. Nc3 g6 5. d4 Bg7 6. h3 O-O 7. Bd3 Nbd7 8. O-O
dxc4 9. Bxc4 Qc7 10. Bd2 e5 11. Rc1 exd4 12. exd4 Nb6 13. Bb3 Qd6 14. Re1 Bf5
15. Bg5 Rfe8 16. Ne5 Be6 17. Bxf6 Bxf6 18. Ne4 Qd8 19. Qf3 Kg7 20. Bxe6 Rxe6 21.
Nxf7 Qe7 22. Ne5 Bxe5 23. dxe5 Rxe5 24. Re2 Nd5 25. Rce1 Rf8 26. Qb3 Nf4 27. Re3
Nd5 28. R3e2 Nf4 29. Re3 Nd5 30. R3e2 1/2-1/2

[Event "Moscow Open A 2015"]
[Site "Moscow RUS"]
[Date "2015.02.08"]
[Round "9.49"]
[White "Semiev, Suhrab"]
[Black "Naumkin, Igor"]
[Result "1-0"]
[WhiteTitle "IM"]
[BlackTitle "GM"]
[WhiteElo "2310"]
[BlackElo "2408"]
[WhiteFideId "14000865"]
[BlackFideId "4101715"]
[EventDate "2015.01.31"]

1. d4 e6 2. g3 d5 3. Nf3 Nf6 4. Bg2 Be7 5. c4 O-O 6. Nbd2 c5 7. cxd5 Nxd5 8.
dxc5 Bxc5 9. O-O Nc6 10. a3 Qe7 11. e4 Nf6 12. e5 Ng4 13. Qe2 f5 14. exf6 Nxf6
15. b4 Nd4 16. Qc4 Nxf3+ 17. Nxf3 Bb6 18. Bb2 Bd7 19. Bd4 Rac8 20. Qe2 Nd5 21.
Bxb6 Nxb6 22. Nd4 Qf6 23. Nb3 Na4 24. Bxb7 Rc7 25. Bg2 Nc3 26. Qe3 Bb5 27. Rfe1
Bc4 28. Nd2 Ne2+ 29. Kh1 Ba6 30. Ne4 Qb2 31. Rab1 Qc2 32. b5 Bb7 33. Qxe2 1-0

[Event "Moscow Open A 2015"]
[Site "Moscow RUS"]
[Date "2015.02.08"]
[Round "9.50"]
[White "Korchmar, Vasiliy"]
[Black "Esipenko, Andrey"]
[Result "1/2-1/2"]
[WhiteTitle "FM"]
[BlackTitle "FM"]
[WhiteElo "2405"]
[BlackElo "2271"]
[WhiteFideId "24131750"]
[BlackFideId "24175439"]
[EventDate "2015.01.31"]

1. d4 d5 2. c4 c6 3. Nf3 Nf6 4. Nc3 e6 5. g3 Nbd7 6. Qd3 b6 7. Bg2 Bb7 8. O-O
Be7 9. Bf4 O-O 10. cxd5 Nxd5 11. Nxd5 exd5 12. Rfd1 Re8 13. Rac1 Bf6 14. b4 Qe7
15. Bh3 Nf8 16. b5 c5 17. dxc5 bxc5 18. Rc2 c4 19. Qd2 c3 20. Qc1 Ne6 21. Bxe6
fxe6 22. Be5 Rac8 23. Rxc3 Bxe5 24. Nxe5 Qb4 25. Rc7 Qe4 26. Rxc8 Rxc8 27. Nc6
Bxc6 28. bxc6 Qa4 29. Rd3 Qxc6 30. Qxc6 Rxc6 31. Ra3 a6 32. f4 Kf7 33. Kf2 Kf6
34. Ke3 Kf5 35. Kf3 Kf6 36. e4 dxe4+ 37. Kxe4 Rd6 38. Ra5 h6 39. h4 Ke7 40. h5
Kf6 41. g4 Rc6 42. g5+ Kf7 43. Kd4 Rd6+ 44. Ke4 Rc6 45. Kf3 Ke7 46. Kg4 hxg5 47.
fxg5 Rc4+ 48. Kg3 Rc3+ 49. Kf4 Rc4+ 50. Kf3 Rc3+ 51. Ke4 Rc4+ 52. Kd3 Rh4 53. g6
Kf6 54. a4 Rh3+ 55. Ke4 Rh4+ 56. Kf3 Rh1 57. Kg4 Rg1+ 58. Kf3 Rh1 59. Kg2 Rh4
60. Kg3 1/2-1/2

[Event "Moscow Open A 2015"]
[Site "Moscow RUS"]
[Date "2015.02.08"]
[Round "9.51"]
[White "Drygalov, Sergey"]
[Black "Tologontegin, Semetey"]
[Result "0-1"]
[BlackTitle "FM"]
[WhiteElo "2269"]
[BlackElo "2404"]
[WhiteFideId "24171743"]
[BlackFideId "13800574"]
[EventDate "2015.01.31"]

1. e4 g6 2. d4 Bg7 3. Nc3 c6 4. Nf3 d6 5. Bg5 Nf6 6. Qd2 h6 7. Be3 b5 8. a3 Qc7
9. h3 Nbd7 10. Be2 Bb7 11. O-O a6 12. b4 Kf8 13. Rad1 Kg8 14. Rfe1 Kh7 15. Bd3
e5 16. dxe5 dxe5 17. a4 Rhe8 18. Ne2 c5 19. bxc5 bxa4 20. Qb4 Bf8 21. Rb1 Rab8
22. Qxa4 Nxc5 23. Bxc5 Bxc5 24. Ng3 Kg7 25. Nf1 a5 26. N1d2 Bb4 27. Re2 Nd7 28.
Nc4 f6 29. Qa2 Nc5 30. h4 h5 31. Ncd2 Bc6 32. Bc4 Na4 33. Rb3 Nc3 34. Rxc3 Bxc3
35. Nf1 Rb4 36. Bd3 Reb8 37. Ne3 Bxe4 38. Bxe4 Rxe4 39. Qe6 Rb6 40. Qe8 Rb8 41.
Qe6 Rb6 42. Qe8 Qf7 43. Qc8 Bd4 44. Rd2 Rxe3 45. fxe3 Bxe3+ 46. Kh2 Bf4+ 47. g3
Bxd2 48. Nxd2 Qb7 49. Qd8 Rb4 50. c4 Rb2 51. c5 Rc2 52. Qd6 a4 53. g4 hxg4 54.
Kg3 a3 55. h5 gxh5 56. Qd3 Rxd2 57. Qxd2 Qf3+ 58. Kh2 Qf4+ 59. Qxf4 exf4 60. c6
a2 61. c7 a1=Q 62. c8=Q Qb2+ 0-1

[Event "Moscow Open A 2015"]
[Site "Moscow RUS"]
[Date "2015.02.08"]
[Round "9.52"]
[White "Svetlov, Dmitry"]
[Black "Klukin, Kirill"]
[Result "1/2-1/2"]
[WhiteTitle "FM"]
[WhiteElo "2396"]
[BlackElo "2225"]
[WhiteFideId "24102610"]
[BlackFideId "24199273"]
[EventDate "2015.01.31"]

1. d4 Nf6 2. Nf3 g6 3. c4 Bg7 4. g3 O-O 5. Bg2 d6 6. O-O c6 7. Nc3 Bf5 8. Nh4
Be6 9. d5 cxd5 10. cxd5 Bd7 11. h3 Na6 12. Be3 Qa5 13. a3 Rfc8 14. b4 Qd8 15.
Rc1 Rc4 16. Qb3 Rac8 17. Na2 Rxc1 18. Rxc1 Rxc1+ 19. Nxc1 Qc8 20. Kh2 b6 21. Nf3
Ne4 22. Na2 Nc3 23. Nd4 Nxa2 24. Qxa2 Qc3 25. Nc6 Bxc6 26. dxc6 Nc7 27. Bd2 Qd4
28. Be3 Qc3 29. Bd2 Qd4 30. Be3 Qc3 31. Bd2 1/2-1/2

[Event "Moscow Open A 2015"]
[Site "Moscow RUS"]
[Date "2015.02.08"]
[Round "9.53"]
[White "Gevorgyan, David"]
[Black "Litvinov, Maxim"]
[Result "1-0"]
[WhiteElo "2395"]
[BlackElo "2192"]
[WhiteFideId "13303244"]
[BlackFideId "24157449"]
[EventDate "2015.01.31"]

1. d4 Nf6 2. c4 e6 3. Nc3 d5 4. Bg5 Be7 5. e3 h6 6. Bh4 O-O 7. Bd3 Nbd7 8. Nf3
b6 9. cxd5 Nxd5 10. Nxd5 exd5 11. Bxe7 Qxe7 12. O-O c5 13. Rc1 Bb7 14. Bb1 Rfc8
15. Qd3 g6 16. h4 a5 17. Qa3 Qf6 18. h5 gxh5 19. Rfe1 c4 20. e4 dxe4 21. Bxe4
Bxe4 22. Rxe4 Nf8 23. Qe3 Ra7 24. Ne5 Kg7 25. Qh3 Rac7 26. Rc3 Ng6 27. Rf3 Qd8
28. Qxh5 Qg5 29. Qh3 c3 30. bxc3 Qc1+ 31. Kh2 Nxe5 32. dxe5 Rxc3 33. Rg4+ Kh8
34. Rxc3 Rxc3 35. Qh4 1-0

[Event "Moscow Open A 2015"]
[Site "Moscow RUS"]
[Date "2015.02.08"]
[Round "9.54"]
[White "Mirzaev, Aziz"]
[Black "Meribanov, Vitaly"]
[Result "1-0"]
[WhiteTitle "FM"]
[BlackTitle "IM"]
[WhiteElo "2268"]
[BlackElo "2390"]
[WhiteFideId "4116224"]
[BlackFideId "13504363"]
[EventDate "2015.01.31"]

1. d4 Nf6 2. c4 c5 3. d5 b5 4. cxb5 a6 5. bxa6 g6 6. a7 Rxa7 7. Nc3 Ba6 8. e4
Bxf1 9. Kxf1 d6 10. Nf3 Bg7 11. a4 O-O 12. g3 Nbd7 13. Kg2 Qa8 14. Ra3 Rb8 15.
Nb5 Rab7 16. Qc2 Ne8 17. Bg5 Ndf6 18. Nd2 Nc7 19. Nc4 Nfxd5 20. exd5 Rxb5 21.
axb5 Qxd5+ 22. Rf3 Qxg5 23. b6 Ne6 24. Qa4 Qd5 25. Qa7 Ra8 26. Rd1 Nd4 27. Rxd4
Bxd4 28. b7 Rxa7 29. b8=Q+ Kg7 30. Qxa7 Qxc4 31. Qxe7 Qd5 32. b3 h5 33. h4 Be5
34. Qg5 c4 35. bxc4 Qxc4 36. Qd2 Qe4 37. Qa2 Bf6 38. Qa6 Qd5 39. Qd3 Qc6 40. Kh2
d5 41. Re3 d4 42. Re2 Qd6 43. Qe4 Qc7 44. Rb2 Qc1 45. Rb1 Qc8 46. Kg2 Qc7 47.
Rb5 Qd8 48. Qc6 Qe7 49. Rb7 Qd8 50. Qe6 Qf8 51. Ra7 Qg8 52. f4 Qf8 53. f5 gxf5
54. Qxf5 Qe8 55. Rd7 Qe2+ 56. Kh3 Qd1 57. Kg2 Qe2+ 58. Qf2 Qe4+ 59. Qf3 Qc2+ 60.
Kh3 Qc4 61. Rd5 Qc8+ 62. Rf5 d3 63. Qxh5 d2 64. Qg4+ Kf8 65. Rd5 Qc1 66. Qb4+
Kg7 67. Rxd2 Qf1+ 68. Kh2 Qf3 69. Qc4 Bd8 70. Rg2 f5 71. Qe2 Qc3 1-0

[Event "Moscow Open A 2015"]
[Site "Moscow RUS"]
[Date "2015.02.08"]
[Round "9.55"]
[White "Bikuzhin, Maksim"]
[Black "Khanin, Semen"]
[Result "0-1"]
[WhiteElo "2241"]
[BlackElo "2387"]
[WhiteFideId "24128015"]
[BlackFideId "4111990"]
[EventDate "2015.01.31"]

1. e4 e5 2. Nf3 Nc6 3. Bc4 Bc5 4. O-O Nf6 5. d4 Bxd4 6. Nxd4 Nxd4 7. f4 d6 8.
fxe5 dxe5 9. Bg5 Qe7 10. Na3 Bd7 11. Qe1 Ne6 12. Bxe6 Bxe6 13. Kh1 h6 14. Bxf6
gxf6 15. Qf2 Rg8 16. Rad1 a6 17. c4 Rg6 18. Rd3 Rd8 19. Rfd1 Rxd3 20. Rxd3 b6
21. Qc2 Bd7 22. Nb1 f5 23. Nc3 fxe4 24. Rd1 Bc6 25. Nd5 Bxd5 26. cxd5 f5 27.
Qa4+ b5 28. Qc2 Kd8 29. Rc1 Rd6 30. g4 fxg4 31. Qxe4 Qg5 32. Re1 Qd2 0-1

[Event "Moscow Open A 2015"]
[Site "Moscow RUS"]
[Date "2015.02.08"]
[Round "9.56"]
[White "Bykov, Oleg"]
[Black "Sorokin, Aleksey"]
[Result "0-1"]
[BlackTitle "FM"]
[WhiteElo "2186"]
[BlackElo "2379"]
[WhiteFideId "24198978"]
[BlackFideId "24176460"]
[EventDate "2015.01.31"]

1. d4 d5 2. c4 c6 3. Nf3 Nf6 4. Nc3 e6 5. Bg5 Nbd7 6. e3 Qa5 7. Bxf6 Nxf6 8. Bd3
Be7 9. O-O O-O 10. Ne5 c5 11. Qf3 cxd4 12. exd4 dxc4 13. Bxc4 Qc7 14. Rfe1 Bd7
15. Nxd7 Nxd7 16. Bb3 Bf6 17. Rad1 Rac8 18. Ne4 Qb6 19. d5 Bd4 20. Qh3 Nc5 21.
dxe6 Nxe6 22. Rd2 h6 23. Ng3 Rce8 24. Qg4 Qb4 25. Qd1 Bb6 26. Rd7 Ng5 27. Rf1
Rd8 28. Qd5 Rxd7 29. Qxd7 g6 30. Qd3 Kg7 31. Qc3+ Qxc3 32. bxc3 f5 33. Bd5 Rd8
34. c4 Bc5 35. Re1 b5 36. h4 Nh7 37. h5 Nf6 38. Bf3 bxc4 39. Rc1 c3 40. Rc2 Bb4
41. Kf1 Ne8 42. hxg6 Kxg6 43. Nh5 Nc7 44. Nf4+ Kf6 45. Be2 Ne6 46. Nxe6 Kxe6 47.
Bc4+ Ke5 48. Bb3 Rd1+ 49. Ke2 Rg1 50. Kf3 Kd4 51. Re2 Rc1 52. Rc2 Rb1 53. Ke2
Ba3 54. Ba4 Bc1 55. Bd7 f4 56. Be6 Bd2 57. Bf7 Kc5 58. Bg8 Rg1 59. Kf3 Kb4 60.
Bd5 Re1 61. Bf7 Ka3 62. Bd5 a5 63. Bf7 a4 64. Bd5 Rc1 65. Be4 Re1 66. Bd5 Kb4
67. Bf7 Kc5 68. Bg8 Re7 69. g3 fxg3 70. fxg3 Kd4 0-1

[Event "Moscow Open A 2015"]
[Site "Moscow RUS"]
[Date "2015.02.08"]
[Round "9.57"]
[White "Kazakovskiy, Valeriy"]
[Black "Gordievsky, Dmitry"]
[Result "0-1"]
[BlackTitle "FM"]
[WhiteElo "2354"]
[BlackElo "2479"]
[WhiteFideId "13507443"]
[BlackFideId "24112798"]
[EventDate "2015.01.31"]

1. e4 c5 2. Nf3 d6 3. Bb5+ Nd7 4. O-O Nf6 5. Re1 a6 6. Bf1 e5 7. c3 Be7 8. d4
O-O 9. a4 Qc7 10. dxe5 dxe5 11. Nbd2 b6 12. Bc4 Bb7 13. Nh4 g6 14. Qc2 Bc6 15.
Ndf3 b5 16. Bf1 Qb7 17. Bg5 Rfe8 18. axb5 axb5 19. Rxa8 Qxa8 20. Nd2 h6 21. Bxf6
Nxf6 22. Nhf3 Bf8 23. Qb3 c4 24. Qc2 Bc5 25. h3 Qa7 26. Nb1 Kg7 27. g3 Nh5 28.
Kg2 f5 29. exf5 Qb7 30. Be2 Rf8 31. Nd2 e4 32. Nd4 Bxd4 33. cxd4 e3+ 34. Nf3
Rxf5 35. d5 exf2 36. Kxf2 Bxd5 37. g4 Qb6+ 38. Kf1 Ng3+ 39. Kg2 Nxe2 0-1